| 000 | 00852nam a2200301Ia 4500 | ||
|---|---|---|---|
| 001 | 5329 | ||
| 003 | IT-RoPAU | ||
| 008 | 130308s9999 xx 000 0 und d | ||
| 040 | _aIT-RoPAU | ||
| 040 | _cIT-RoPAU | ||
| 041 | _aFRANCESE | ||
| 100 | _aBellanger Gerard | ||
| 100 | _gCodice Aut. SPICS: 9388 | ||
| 245 | _aDe la creation graphique au cinema d'animation | ||
| 245 | _bEnfant createur d'images (L') | ||
| 250 | _a1a ed. | ||
| 260 | _aTOURNAI (BELGIO) | ||
| 260 | _bCasterman | ||
| 260 | _c1977 [1° Ed.:1977 - Ed.Ling.Originale:1975] | ||
| 300 | _a"12 p. (prefazione: no ; testo: 12 [pagine: 58-69])" | ||
| 500 | _aDalla Creazione grafica al Cinema di Animazione | ||
| 650 | _aPEDAGOGIA DELLA COMUNICAZIONE SOCIALE | ||
| 650 | _eCodice materia Spics: 3804 | ||
| 942 | _cBK | ||
| 957 | _71 | ||
| 999 |
_c43996 _d43996 |
||
| 999 | _bSI | ||
| 999 | _g1 | ||